000 01276nam2a2200229 4500
001 rc\3039929
005 20260315065522.0
035 _a(NLR Aleph) 007180263
090 _a13622771
_c13622771
100 _a20111009d1940 u y0rusy50 ca
101 0 _arus
102 _aRU
105 _ay z |||||
200 1 _aРезультаты испытаний 49 моделей капотов в трубе больших скоростей
210 _d[1940]
461 0 _1001rc\3039927
_12001#$aТехнические отчеты Центрального аэро-гидродинамического института им. проф. Н.Е. Жуковского$hСерия I$iАэродинамика$vВып. 1-2
_97434554
_aЦентральный аэрогидродинамический институт им. Н. Е. Жуковского (Москва)
_c[Москва]
_d1940-1941
_hСерия I
_iАэродинамика
_nБ. и.
_tТехнические отчеты Центрального аэро-гидродинамического института им. проф. Н.Е. Жуковского
_vВып. 1-2
700 1 _aКантер
_bП.М.
801 0 _aRU
_bNLR
_gpsbo
801 1 _aRU
_bELAR
_2rusmarc
852 _aNLR
_jТ92 В-8/2
942 _cUNSPEC
980 _aNB